Loading...
| Literature - British Literature | 3 | 6 | 0 | 0 | 105 | 66 | 100.22 | 9 | 9 |
| Literature - World Literature | 3 | 6 | 1 | 0 | 100 | 46 | 83.11 | 8 | 9 |
| Literature - European Literature | 2 | 5 | 0 | 0 | 80 | 38 | 100.00 | 4 | 7 |
| Philosophy | 1 | 5 | 1 | 1 | 60 | 50 | 113.17 | 4 | 6 |
| Literature - American Literature | 0 | 5 | 0 | 0 | 50 | 86 | 104.80 | 4 | 5 |
| Mythology | 2 | 2 | 1 | 0 | 45 | 45 | 81.25 | 4 | 4 |
| Religion | 1 | 2 | 0 | 0 | 35 | 63 | 86.00 | 2 | 3 |
| Social Science | 0 | 3 | 0 | 1 | 30 | 61 | 87.33 | 2 | 3 |
| Fine Arts - Auditory Fine Arts | 0 | 2 | 0 | 0 | 20 | 141 | 147.00 | 1 | 2 |
| Science - Biology | 0 | 2 | 0 | 0 | 20 | 96 | 112.50 | 0 | 2 |
| Pop Culture | 0 | 1 | 0 | 0 | 10 | 125 | 125.00 | 0 | 1 |
| Science - Chemistry | 0 | 1 | 0 | 0 | 10 | 134 | 134.00 | 1 | 1 |
| Science - Other Science | 0 | 1 | 0 | 0 | 10 | 92 | 92.00 | 0 | 1 |
| Fine Arts - Other Fine Arts | 0 | 0 | 1 | 0 | -5 | 0.00 | 0 | 0 | |
| History - European History | 0 | 0 | 1 | 0 | -5 | 0.00 | 0 | 0 | |
| Fine Arts - Visual Fine Arts | 0 | 0 | 1 | 0 | -5 | 0.00 | 0 | 0 |